[Event "37th Reykjavik op"]
[Site "Reykjavik ISL"]
[Date "2024.03.20"]
[Round "8.19"]
[White "Cieslak, Patryk"]
[Black "Mammadzada, Gunay"]
[WhiteElo "2325"]
[BlackElo "2449"]
[Result "1-0"]
[EventDate "2024.03.15"]
[PlyCount "77"]

1. e4 {[%eval 13,0]} e5 {[%eval 17,0]} 2. Nf3 {[%eval 21,0]} Nc6 {[%eval 13,0]}
3. Bc4 {[%eval 14,0]} Nf6 {[%eval 21,0]} 4. d3 {[%eval 21,0]} Bc5 {[%eval 18,0]
} 5. c3 {[%eval 18,0]} d6 {[%eval 27,0]} 6. O-O {[%eval 11,0]} O-O {[%eval 25,
0]} 7. h3 {[%eval 1,0]} h6 {[%eval 28,0]} 8. Re1 {[%eval 19,0]} a5 {[%eval 25,
0]} 9. a4 {[%eval 0,0]} Ba7 {[%eval 1,0]} 10. Na3 {[%eval 14,0]} Ne7 {[%eval
21,0]} 11. Bb3 {[%eval 6,0]} c6 {[%eval 21,0]} 12. d4 {[%eval 9,0]} exd4 {
[%eval 2,0]} 13. cxd4 {[%eval 6,0]} d5 {[%eval 7,0]} 14. e5 {[%eval 14,0]} Ne4
{[%eval 13,0]} 15. Nb1 {[%eval 9,0]} Ng6 $6 {[%eval 5,0] Inaccuracy. c5 was
best.} (15... c5 16. Nc3) 16. Nc3 {[%eval 65,0]} Bf5 {[%eval 66,0]} 17. Bc2 {
[%eval 61,0]} Nxc3 {[%eval 104,0]} 18. bxc3 {[%eval 94,0]} Qd7 {[%eval 104,0]}
19. Ba3 {[%eval 65,0]} Rfe8 {[%eval 99,0]} 20. Bxf5 {[%eval 107,0]} Qxf5 {
[%eval 105,0]} 21. Qb1 {[%eval 103,0]} Qd7 $6 {[%eval 164,0] Inaccuracy. Qe6
was best.} (21... Qe6 22. Qxb7) 22. e6 {[%eval 156,0]} Rxe6 {[%eval 147,0]} 23.
Rxe6 {[%eval 105,0]} Qxe6 {[%eval 161,0]} 24. Qxb7 {[%eval 166,0]} Qc8 {
[%eval 162,0]} 25. Rb1 {[%eval 158,0]} Nf4 $2 {[%eval 300,0] Mistake. Rb8 was
best.} (25... Rb8) 26. Kf1 $6 {[%eval 218,0] Inaccuracy. Ne5 was best.} (26.
Ne5 Qe8 27. Qxc6 Qc8 28. Qb7 Ne2+ 29. Kh1 Qe8 30. Nc6 Kh7 31. Bd6 Nxc3 32. Ra1
Ne4) 26... f6 $6 {[%eval 294,0] Inaccuracy. c5 was best.} (26... c5 27. Qxc8+)
27. Bd6 {[%eval 278,0]} Ne6 {[%eval 351,0]} 28. Qxc8+ {[%eval 209,0]} Rxc8 {
[%eval 279,0]} 29. Rb7 {[%eval 272,0]} Ra8 $6 {[%eval 358,0] Inaccuracy. Rd8
was best.} (29... Rd8 30. Bg3 Ra8 31. Re7 Nd8 32. Nh4 c5 33. Nf5 Nf7 34. Rb7
Kf8 35. Bf4 h5 36. Bc1) 30. Re7 {[%eval 344,0]} Nd8 {[%eval 376,0]} 31. Re8+ {
[%eval 364,0]} Kf7 {[%eval 348,0]} 32. Rf8+ {[%eval 379,0]} Ke6 {[%eval 378,0]}
33. Bc7 {[%eval 378,0]} Ke7 {[%eval 376,0]} 34. Rg8 {[%eval 384,0]} Rc8 {
[%eval 405,0]} 35. Bxa5 {[%eval 308,0]} Bb8 {[%eval 453,0]} 36. Nh4 {[%eval
442,0]} Bc7 {[%eval 518,0]} 37. Rxg7+ {[%eval 537,0]} Nf7 {[%eval 537,0]} 38.
Nf5+ {[%eval 525,0]} Ke6 {[%eval 524,0]} 39. Bxc7 {[%eval 523,0]} 1-0

[Event "37th Reykjavik op"]
[Site "Reykjavik ISL"]
[Date "2024.03.20"]
[Round "8.20"]
[White "Chasin, Nico"]
[Black "Soderstrom, Adrian"]
[WhiteElo "2447"]
[BlackElo "2288"]
[Result "1-0"]
[EventDate "2024.03.15"]
[PlyCount "103"]

1. c4 {[%eval 16,0]} e6 {[%eval 18,0]} 2. Nc3 {[%eval 5,0]} d5 {[%eval 12,0]}
3. d4 {[%eval 24,0]} Be7 {[%eval 27,0]} 4. cxd5 {[%eval 35,0]} exd5 {[%eval 32,
0]} 5. Bf4 {[%eval 32,0]} c6 {[%eval 16,0]} 6. e3 {[%eval 0,0]} Bf5 {[%eval 24,
0]} 7. Nge2 {[%eval 45,0]} Nd7 {[%eval 35,0]} 8. h4 {[%eval 41,0]} Qb6 {
[%eval 63,0]} 9. Qd2 {[%eval 75,0]} Ngf6 {[%eval 72,0]} 10. Ng3 {[%eval 63,0]}
Ne4 $6 {[%eval 133,0] Inaccuracy. Be6 was best.} (10... Be6 11. Bd3) 11. Ncxe4
{[%eval 104,0]} Bxe4 {[%eval 137,0]} 12. a3 $6 {[%eval 71,0] Inaccuracy. O-O-O
was best.} (12. O-O-O) 12... h6 {[%eval 75,0]} 13. Nxe4 {[%eval 77,0]} dxe4 {
[%eval 61,0]} 14. Bc4 {[%eval 56,0]} Nf6 $6 {[%eval 102,0] Inaccuracy. O-O was
best.} (14... O-O 15. Qc2 Qa5+ 16. b4 Bxb4+ 17. Ke2 Be7 18. Qxe4 Rae8 19. Bd3
Nf6 20. Qf5 Qxf5 21. Bxf5) 15. Be5 {[%eval 73,0]} O-O {[%eval 88,0]} 16. f3 $6
{[%eval 14,0] Inaccuracy. Qc2 was best.} (16. Qc2 Rac8 17. O-O Rce8 18. Rad1 a5
19. g4 Nxg4 20. Qxe4 h5 21. Qf5 Bf6 22. Bg3) 16... Nd7 {[%eval 25,0]} 17. Bf4 {
[%eval 21,0]} exf3 {[%eval 44,0]} 18. gxf3 {[%eval 44,0]} c5 {[%eval 41,0]} 19.
O-O-O {[%eval 8,0]} cxd4 {[%eval 5,0]} 20. Qxd4 {[%eval 17,0]} Bf6 {[%eval 31,
0]} 21. Qxb6 {[%eval 23,0]} Nxb6 {[%eval 29,0]} 22. Bb3 {[%eval 32,0]} Rfc8+ {
[%eval 33,0]} 23. Kb1 {[%eval 39,0]} Rc5 {[%eval 27,0]} 24. Rhg1 {[%eval 11,0]}
Rb5 {[%eval 1,0]} 25. Ka2 {[%eval 3,0]} a5 {[%eval 5,0]} 26. a4 {[%eval 6,0]}
Nxa4 {[%eval 12,0]} 27. Rd6 {[%eval 8,0]} Nc5 {[%eval 5,0]} 28. Rxf6 {[%eval 2,
0]} Nxb3 {[%eval 6,0]} 29. Bxh6 {[%eval 1,0]} g6 {[%eval 2,0]} 30. Rd1 {
[%eval 5,0]} a4 {[%eval 1,0]} 31. e4 {[%eval 0,0]} Nc5 {[%eval 0,0]} 32. Rd5 {
[%eval 0,0]} b6 {[%eval 0,0]} 33. h5 {[%eval 0,0]} a3 $2 {[%eval 155,0]
Mistake. Rb3 was best.} (33... Rb3 34. hxg6 a3 35. gxf7+ Kh7 36. f8=N+ Kh8 37.
Ng6+ Kh7) 34. bxa3 {[%eval 152,0]} Rb3 {[%eval 162,0]} 35. Bc1 {[%eval 183,0]}
Rc3 {[%eval 178,0]} 36. Bb2 {[%eval 179,0]} Rc2 $6 {[%eval 298,0] Inaccuracy.
Na4 was best.} (36... Na4 37. Ba1 Re3 38. hxg6 fxg6 39. Rxg6+ Kf7 40. Rg7+ Ke6
41. Re5+ Kd6 42. Rg6+ Kd7 43. Rh5) 37. Kb1 {[%eval 289,0]} Rg2 {[%eval 317,0]}
38. hxg6 {[%eval 313,0]} fxg6 {[%eval 309,0]} 39. Rdd6 {[%eval 314,0]} Kh7 {
[%eval 302,0]} 40. Rf7+ {[%eval 303,0]} Kg8 {[%eval 324,0]} 41. Rg7+ {[%eval
308,0]} Kf8 {[%eval 311,0]} 42. Rdxg6 {[%eval 291,0]} Rxg6 {[%eval 317,0]} 43.
Rxg6 {[%eval 318,0]} Nd7 {[%eval 341,0]} 44. Rg7 {[%eval 313,0]} Nc5 {[%eval
313,0]} 45. Rc7 {[%eval 285,0]} Ra4 $6 {[%eval 379,0] Inaccuracy. Ra6 was best.
} (45... Ra6 46. Ka2 Ke8 47. Rh7 Nd3 48. Kb3 Nc5+ 49. Kc4 Ra5 50. Rh6 Ra4+ 51.
Kb5 Ra5+ 52. Kc6) 46. Rc6 {[%eval 308,0]} Nd7 {[%eval 383,0]} 47. Kc2 {[%eval
355,0]} Ke7 {[%eval 432,0]} 48. Bc3 {[%eval 434,0]} Kd8 {[%eval 435,0]} 49. Bb4
{[%eval 428,0]} Ne5 {[%eval 428,0]} 50. Rf6 {[%eval 429,0]} Kd7 {[%eval 488,0]}
51. f4 {[%eval 408,0]} Nc6 {[%eval 493,0]} 52. Kc3 {[%eval 476,0]} 1-0

[Event "37th Reykjavik op"]
[Site "Reykjavik ISL"]
[Date "2024.03.20"]
[Round "8.21"]
[White "Papadiamandis, Elliot"]
[Black "Nevednichy, Vladislav"]
[WhiteElo "2302"]
[BlackElo "2445"]
[Result "1/2-1/2"]
[EventDate "2024.03.15"]
[PlyCount "113"]

1. e4 {[%eval 13,0]} c5 {[%eval 33,0]} 2. Nc3 {[%eval 24,0]} d6 {[%eval 0,0]}
3. d4 {[%eval 2,0]} cxd4 {[%eval 16,0]} 4. Qxd4 {[%eval 17,0]} Nc6 {[%eval 9,0]
} 5. Qd2 {[%eval 0,0]} g6 {[%eval 0,0]} 6. b3 {[%eval 27,0]} Bh6 {[%eval 27,0]}
7. f4 {[%eval 0,0]} f5 {[%eval 16,0]} 8. Bd3 {[%eval 17,0]} Nf6 $6 {[%eval 51,
0] Inaccuracy. fxe4 was best.} (8... fxe4) 9. Bb2 {[%eval 34,0]} Qa5 {[%eval
41,0]} 10. Nge2 {[%eval 0,0]} fxe4 {[%eval 1,0]} 11. Nxe4 {[%eval 0,0]} Qxd2+ {
[%eval 14,0]} 12. Nxd2 {[%eval 48,0]} Rf8 {[%eval 38,0]} 13. O-O {[%eval 67,0]}
Nd5 {[%eval 53,0]} 14. g3 {[%eval 66,0]} Ndb4 {[%eval 76,0]} 15. Be4 {[%eval
92,0]} d5 {[%eval 82,0]} 16. a3 {[%eval 69,0]} dxe4 {[%eval 85,0]} 17. axb4 {
[%eval 83,0]} Nxb4 {[%eval 8,0]} 18. Nxe4 {[%eval 74,0]} Nxc2 {[%eval 5,0]} 19.
Rac1 {[%eval 42,0]} Bf5 {[%eval 58,0]} 20. Nf2 $6 {[%eval -78,0] Inaccuracy.
Rxc2 was best.} (20. Rxc2) 20... Ne3 $6 {[%eval 52,0] Inaccuracy. Rg8 was best.
} (20... Rg8) 21. Rfe1 {[%eval 44,0]} g5 {[%eval 32,0]} 22. fxg5 {[%eval 27,0]}
Bxg5 {[%eval 34,0]} 23. Nd4 {[%eval 38,0]} Rd8 {[%eval 39,0]} 24. Rc5 {[%eval
37,0]} Rxd4 {[%eval 13,0]} 25. Bxd4 {[%eval 16,0]} Nc2 {[%eval 19,0]} 26. Bg7
$6 {[%eval 81,0] Inaccuracy. Rxc2 was best.} (26. Rxc2) 26... Rf7 {[%eval 91,0]
} 27. Ree5 {[%eval 89,0]} Nd4 {[%eval 85,0]} 28. Red5 $6 {[%eval -32,0]
Inaccuracy. Kg2 was best.} (28. Kg2 Rxg7 29. Rxf5 Nxf5 30. Rxf5 Rg6 31. Rb5 b6
32. Ne4 Bc1 33. h4 Kd7 34. Kf3 a5) 28... Rxg7 {[%eval -45,0]} 29. Rxd4 {
[%eval -39,0]} Be3 {[%eval -39,0]} 30. Rdc4 {[%eval -197,0]} Be6 {[%eval -7,0]}
31. Rc2 {[%eval -11,0]} Bxc5 {[%eval -200,0]} 32. Rxc5 {[%eval -2,0]} Rg6 {
[%eval -48,0]} 33. Nd3 {[%eval -6,0]} Rf6 {[%eval -52,0]} 34. Rc7 $6 {[%eval
-155,0] Inaccuracy. b4 was best.} (34. b4 Kd8 35. Nf4 Bf7 36. Kf2 Rb6 37. b5
Be8 38. g4 e6 39. Rg5 Rxb5 40. Rg7 Rb6) 34... Rf3 $4 {[%eval 8,0] Blunder. Bf5
was best.} (34... Bf5 35. Rc3 Rb6 36. Kf2 Be6 37. Nc5 Bf7 38. Ke1 Rb5 39. Kd2
b6 40. Na6 Rxb3 41. Rc8+) 35. Nf4 {[%eval 7,0]} Bxb3 {[%eval 0,0]} 36. Rxb7 $4
{[%eval -193,0] Blunder. Kg2 was best.} (36. Kg2 Kd8 37. Rxb7 Rxf4 38. Rxb3 Rf5
39. g4 Rg5 40. Kf3 Rc5 41. Rb7 a5 42. Ra7 Ke8) 36... a5 {[%eval -195,0]} 37.
Ne2 $6 {[%eval -297,0] Inaccuracy. Rc7 was best.} (37. Rc7 a4 38. Kg2 Kd8 39.
Rc5 Re3 40. Kf2 Re4 41. Nd3 Rc4 42. Ra5 Kc7 43. Ke3 Rc2) 37... Rd3 $6 {[%eval
-191,0] Inaccuracy. Bc4 was best.} (37... Bc4 38. Nf4 a4 39. Rb4 Bb3 40. Ne2
Bd1 41. Nc1 Rc3 42. Rb1 Bg4 43. Kf2 a3 44. Ke1) 38. Kf2 {[%eval -198,0]} a4 {
[%eval -22,0]} 39. Nc1 {[%eval -4,0]} Rc3 $4 {[%eval 8,0] Blunder. Rd7 was
best.} (39... Rd7) 40. Nxb3 {[%eval 8,0]} Rxb3 {[%eval 3,0]} 41. Ra7 {[%eval 7,
0]} a3 {[%eval 25,0]} 42. Kg2 $4 {[%eval -132,0] Blunder. g4 was best.} (42. g4
Kf7 43. h4 Ke6 44. Ra5 Rd3 45. Ra7 Rc3 46. Ra5 Kd7 47. g5 Kc6 48. Ra8 Kb5)
42... Rb2+ {[%eval -172,0]} 43. Kf3 {[%eval -199,0]} Ra2 {[%eval -197,0]} 44.
h4 $6 {[%eval -276,0] Inaccuracy. Kg4 was best.} (44. Kg4 Ra1) 44... h5 $4 {
[%eval 0,0] Blunder. Ra1 was best.} (44... Ra1) 45. Kf4 {[%eval 0,0]} Ra1 {
[%eval 0,0]} 46. Kg5 {[%eval 0,0]} a2 {[%eval 0,0]} 47. Kxh5 {[%eval 0,0]} e5 {
[%eval 0,0]} 48. Kg6 {[%eval 0,0]} e4 {[%eval 0,0]} 49. h5 {[%eval 0,0]} e3 {
[%eval 0,0]} 50. Ra3 {[%eval 0,0]} Kd7 {[%eval 0,0]} 51. Rd3+ {[%eval 0,0]} Kc6
{[%eval 0,0]} 52. Rxe3 {[%eval 0,0]} Rg1 {[%eval 0,0]} 53. Re6+ {[%eval 0,0]}
Kb5 {[%eval 0,0]} 54. Re5+ {[%eval 0,0]} Kb4 {[%eval 0,0]} 55. Re4+ {[%eval 0,
0]} Kb3 {[%eval 0,0]} 56. Re3+ {[%eval 0,0]} Kb4 57. Re4+ 1/2-1/2

[Event "37th Reykjavik op"]
[Site "Reykjavik ISL"]
[Date "2024.03.20"]
[Round "8.22"]
[White "Injac, Teodora"]
[Black "Pourkashiyan, Atousa"]
[WhiteElo "2434"]
[BlackElo "2270"]
[Result "1/2-1/2"]
[EventDate "2024.03.15"]
[PlyCount "73"]

1. d4 {[%eval 17,0]} Nf6 {[%eval 16,0]} 2. Nf3 {[%eval 12,0]} e6 {[%eval 16,0]}
3. Bf4 {[%eval 0,0]} d5 {[%eval 7,0]} 4. e3 {[%eval 12,0]} Bd6 {[%eval 13,0]}
5. Ne5 {[%eval 0,0]} O-O {[%eval 0,0]} 6. Nd2 {[%eval 0,0]} c5 {[%eval 0,0]} 7.
c3 {[%eval 0,0]} Nc6 {[%eval 0,0]} 8. Bd3 {[%eval 14,0]} Qc7 {[%eval 17,0]} 9.
Ndf3 {[%eval 23,0]} b6 {[%eval 28,0]} 10. Nxc6 {[%eval 33,0]} Qxc6 {[%eval 26,
0]} 11. Ne5 {[%eval 8,0]} Qc7 {[%eval 5,0]} 12. Qf3 {[%eval 27,0]} Nd7 $6 {
[%eval 28,0] Inaccuracy. Ne4 was best.} (12... Ne4) 13. Qg3 {[%eval 31,0]} f5 {
[%eval 33,0]} 14. Nf3 {[%eval 29,0]} Bxf4 {[%eval 28,0]} 15. Qxf4 {[%eval 21,0]
} Qc6 {[%eval 69,0]} 16. O-O {[%eval 43,0]} a5 {[%eval 49,0]} 17. c4 {[%eval
44,0]} dxc4 {[%eval 42,0]} 18. Bxc4 {[%eval 49,0]} b5 {[%eval 42,0]} 19. Be2 {
[%eval 38,0]} Bb7 {[%eval 88,0]} 20. Rac1 {[%eval 75,0]} Rac8 {[%eval 115,0]}
21. b3 $6 {[%eval 52,0] Inaccuracy. dxc5 was best.} (21. dxc5) 21... Qb6 {
[%eval 56,0]} 22. h4 {[%eval 21,0]} Bd5 {[%eval 35,0]} 23. Rfd1 {[%eval 0,0]}
c4 {[%eval 21,0]} 24. bxc4 {[%eval 53,0]} bxc4 {[%eval 15,0]} 25. Rc2 {[%eval
44,0]} c3 {[%eval 16,0]} 26. Rdc1 {[%eval 36,0]} Nf6 {[%eval 45,0]} 27. Bd3 {
[%eval 21,0]} Be4 {[%eval 24,0]} 28. Bxe4 {[%eval 2,0]} Nxe4 {[%eval 25,0]} 29.
Ng5 {[%eval 3,0]} Nf6 {[%eval 7,0]} 30. Qe5 {[%eval 11,0]} Rfe8 {[%eval 7,0]}
31. g3 {[%eval 2,0]} h6 {[%eval 23,0]} 32. Nh3 {[%eval 13,0]} Qb4 {[%eval 12,0]
} 33. Qf4 {[%eval 12,0]} Qb7 {[%eval 1,0]} 34. Qe5 {[%eval 16,0]} Qb4 {[%eval
16,0]} 35. Qf4 {[%eval 14,0]} Qb7 {[%eval 0,0]} 36. Qe5 {[%eval 0,0]} Qb4 {
[%eval 0,0]} 37. Qf4 {[%eval 13,0]} 1/2-1/2

[Event "37th Reykjavik op"]
[Site "Reykjavik ISL"]
[Date "2024.03.20"]
[Round "8.23"]
[White "Manish, Anto Cristiano F"]
[Black "Salimova, Nurgyul"]
[WhiteElo "2286"]
[BlackElo "2426"]
[Result "0-1"]
[EventDate "2024.03.15"]
[PlyCount "92"]

1. d4 {[%eval 17,0]} Nf6 {[%eval 16,0]} 2. c4 {[%eval 16,0]} e6 {[%eval 21,0]}
3. Nf3 {[%eval 0,0]} d5 {[%eval 12,0]} 4. Nc3 {[%eval 0,0]} Be7 {[%eval 0,0]}
5. Bf4 {[%eval 31,0]} O-O {[%eval 27,0]} 6. e3 {[%eval 33,0]} b6 {[%eval 18,0]}
7. Bd3 {[%eval 3,0]} Ba6 {[%eval 28,0]} 8. cxd5 {[%eval 29,0]} Nxd5 {[%eval 28,
0]} 9. Nxd5 {[%eval 34,0]} Qxd5 {[%eval 24,0]} 10. Bxc7 {[%eval 21,0]} Qa5+ {
[%eval 16,0]} 11. Ke2 {[%eval 35,0]} Bxd3+ {[%eval 46,0]} 12. Qxd3 {[%eval 51,
0]} Na6 {[%eval 56,0]} 13. Rhc1 {[%eval 53,0]} Rac8 {[%eval 32,0]} 14. Bg3 {
[%eval 49,0]} Nb4 {[%eval 56,0]} 15. Qb3 {[%eval 4,0]} Qb5+ {[%eval 0,0]} 16.
Kd2 {[%eval 0,0]} a5 {[%eval 0,0]} 17. a4 {[%eval 0,0]} Qa6 {[%eval 0,0]} 18.
Ne5 {[%eval 0,0]} h5 {[%eval 0,0]} 19. h4 {[%eval 0,0]} Bd6 {[%eval 0,0]} 20.
Nd7 {[%eval 0,0]} Bxg3 {[%eval 0,0]} 21. Nxf8 {[%eval 0,0]} Rxf8 {[%eval 0,0]}
22. fxg3 {[%eval 0,0]} Qb7 {[%eval 0,0]} 23. Rg1 {[%eval 41,0]} Qb8 $6 {
[%eval 25,0] Inaccuracy. Rc8 was best.} (23... Rc8 24. Rac1) 24. Qd1 {[%eval 2,
0]} e5 {[%eval 12,0]} 25. Qxh5 {[%eval 4,0]} exd4 {[%eval 48,0]} 26. e4 {
[%eval 59,0]} Qxg3 {[%eval 5,0]} 27. Qf3 {[%eval 53,0]} Qg6 {[%eval 23,0]} 28.
Rac1 {[%eval 3,0]} Qh6+ {[%eval 21,0]} 29. Kd1 {[%eval 3,0]} d3 {[%eval 25,0]}
30. Rc3 $6 {[%eval -89,0] Inaccuracy. Rf1 was best.} (30. Rf1) 30... Qe6 {
[%eval -66,0]} 31. b3 $6 {[%eval -184,0] Inaccuracy. Rf1 was best.} (31. Rf1
Qa2) 31... Rc8 {[%eval -156,0]} 32. Rxc8+ {[%eval -152,0]} Qxc8 {[%eval -172,0]
} 33. Ke1 {[%eval -152,0]} Qc2 {[%eval -188,0]} 34. Qd1 {[%eval -241,0]} Qc5 {
[%eval -268,0]} 35. Kf1 {[%eval -201,0]} Qd4 {[%eval -209,0]} 36. Qg4 {[%eval
-331,0]} g6 {[%eval -319,0]} 37. g3 {[%eval -321,0]} Nc2 {[%eval -323,0]} 38.
Qc8+ {[%eval -302,0]} Kg7 {[%eval -306,0]} 39. Kg2 {[%eval -301,0]} Ne3+ {
[%eval -307,0]} 40. Kf3 {[%eval -304,0]} d2 {[%eval -315,0]} 41. h5 {[%eval
-468,0]} d1=Q+ {[%eval -461,0]} 42. Rxd1 {[%eval -474,0]} Nxd1 {[%eval -472,0]}
43. hxg6 $4 {[%eval -32749,0] Checkmate is now unavoidable. Qc2 was best.} (43.
Qc2 gxh5 44. Qe2 Qc3+ 45. Kg2 Ne3+ 46. Kf2 Ng4+ 47. Kg2 f6 48. Kh3 Qa1 49. Kg2
Qb1) 43... Qf2+ {[%eval -32751,0]} 44. Kg4 {[%eval -32749,0]} Ne3+ {[%eval
-32751,0]} 45. Kh3 {[%eval -32753,0]} Qg2+ {[%eval -32755,0]} 46. Kh4 {[%eval
-32755,0]} Qh1+ 0-1

[Event "37th Reykjavik op"]
[Site "Reykjavik ISL"]
[Date "2024.03.20"]
[Round "8.24"]
[White "Fantinel, Thibault"]
[Black "Large, Peter G"]
[WhiteElo "2421"]
[BlackElo "2262"]
[Result "1/2-1/2"]
[EventDate "2024.03.15"]
[PlyCount "187"]

1. e4 {[%eval 13,0]} Nc6 {[%eval 51,0]} 2. Nf3 {[%eval 21,0]} d6 {[%eval 71,0]}
3. d4 {[%eval 79,0]} Nf6 {[%eval 62,0]} 4. Nc3 {[%eval 54,0]} g6 {[%eval 96,0]}
5. d5 $6 {[%eval 33,0] Inaccuracy. Be3 was best.} (5. Be3 Bg7 6. Qd2 O-O 7. d5
Nb8 8. Bh6 c6 9. h3 b5) 5... Nb8 {[%eval 92,0]} 6. Be2 {[%eval 6,0]} Bg7 {
[%eval 66,0]} 7. O-O {[%eval 52,0]} O-O {[%eval 52,0]} 8. Be3 {[%eval 63,0]} e5
{[%eval 67,0]} 9. dxe6 {[%eval 62,0]} Bxe6 {[%eval 69,0]} 10. Qd2 {[%eval 6,0]}
Nc6 {[%eval 67,0]} 11. Rad1 {[%eval 56,0]} Ng4 {[%eval 52,0]} 12. Bg5 {[%eval
61,0]} f6 {[%eval 57,0]} 13. Bf4 {[%eval 55,0]} Qd7 {[%eval 53,0]} 14. Rfe1 {
[%eval 56,0]} Qf7 {[%eval 68,0]} 15. Nd5 {[%eval 52,0]} g5 $6 {[%eval 101,0]
Inaccuracy. Rae8 was best.} (15... Rae8 16. c4 Nge5 17. b3 Nxf3+ 18. Bxf3 Ne5
19. Be2 f5 20. exf5 Bxf5 21. Bg3 Be6 22. Nc3) 16. Bg3 {[%eval 94,0]} h6 {
[%eval 96,0]} 17. h3 {[%eval 101,0]} Nge5 {[%eval 100,0]} 18. Ne3 {[%eval 82,0]
} f5 $2 {[%eval 203,0] Mistake. Nc4 was best.} (18... Nc4 19. Bxc4) 19. Nxe5 {
[%eval 224,0]} Nxe5 {[%eval 201,0]} 20. exf5 {[%eval 212,0]} Bxf5 {[%eval 201,
0]} 21. Bxe5 {[%eval 202,0]} dxe5 {[%eval 213,0]} 22. Bc4 {[%eval 184,0]} Be6 {
[%eval 192,0]} 23. Bxe6 {[%eval 191,0]} Qxe6 {[%eval 184,0]} 24. Qd7 {[%eval
145,0]} Qxa2 {[%eval 146,0]} 25. Nd5 $6 {[%eval 63,0] Inaccuracy. b3 was best.}
(25. b3) 25... Rf7 {[%eval 108,0]} 26. Qe6 {[%eval 124,0]} Qa6 {[%eval 117,0]}
27. Ne7+ {[%eval 113,0]} Kf8 {[%eval 115,0]} 28. Ng6+ {[%eval 116,0]} Kg8 {
[%eval 121,0]} 29. Ne7+ {[%eval 121,0]} Kf8 {[%eval 102,0]} 30. Ng6+ {[%eval
118,0]} Kg8 {[%eval 114,0]} 31. Qxa6 {[%eval 102,0]} bxa6 {[%eval 113,0]} 32.
Nxe5 {[%eval 108,0]} Rf5 {[%eval 127,0]} 33. Nc4 {[%eval 81,0]} Rf4 {[%eval 59,
0]} 34. b3 {[%eval 62,0]} Bd4 {[%eval 89,0]} 35. Re2 {[%eval 6,0]} Raf8 {
[%eval 73,0]} 36. Rdd2 {[%eval 75,0]} c5 $6 {[%eval 138,0] Inaccuracy. Bc3 was
best.} (36... Bc3 37. Rd3) 37. Ne5 {[%eval 107,0]} Bc3 {[%eval 112,0]} 38. Ng6
$6 {[%eval 42,0] Inaccuracy. Rd5 was best.} (38. Rd5 Rd4 39. Rxd4 cxd4 40. Nd3
a5 41. g3 Kf7 42. Kg2 Kf6 43. f4 Rc8 44. Kf3 a4) 38... Bxd2 {[%eval 35,0]} 39.
Rxd2 {[%eval 35,0]} c4 {[%eval 37,0]} 40. Nxf8 {[%eval 47,0]} Kxf8 {[%eval 5,0]
} 41. Rd6 {[%eval 28,0]} cxb3 {[%eval 39,0]} 42. cxb3 {[%eval 28,0]} Kg7 {
[%eval 33,0]} 43. Rxa6 {[%eval 38,0]} Rf7 {[%eval 48,0]} 44. Kh2 {[%eval 17,0]}
Rb7 {[%eval 19,0]} 45. h4 {[%eval 17,0]} Rxb3 {[%eval 15,0]} 46. Rxa7+ {
[%eval 14,0]} Kg6 {[%eval 12,0]} 47. Ra6+ {[%eval 6,0]} Kg7 {[%eval 6,0]} 48.
h5 {[%eval 6,0]} Rc3 {[%eval 9,0]} 49. g3 {[%eval 9,0]} Rc4 {[%eval 1,0]} 50.
Kh3 {[%eval 11,0]} Rb4 {[%eval 11,0]} 51. f3 {[%eval 9,0]} Rc4 {[%eval 9,0]}
52. Rg6+ {[%eval 1,0]} Kh7 {[%eval 12,0]} 53. Re6 {[%eval 12,0]} Kg7 {[%eval 7,
0]} 54. Re7+ {[%eval 7,0]} Kg8 {[%eval 7,0]} 55. Re4 {[%eval 9,0]} Rc5 {
[%eval 1,0]} 56. Kg4 {[%eval 8,0]} Kf7 {[%eval 7,0]} 57. Rb4 {[%eval 6,0]} Ra5
{[%eval 8,0]} 58. Rb7+ {[%eval 11,0]} Kg8 {[%eval 4,0]} 59. Re7 {[%eval 4,0]}
Rb5 {[%eval 5,0]} 60. f4 {[%eval 6,0]} gxf4 {[%eval 1,0]} 61. gxf4 {[%eval 0,0]
} Rb1 {[%eval 12,0]} 62. Kf5 {[%eval 9,0]} Kf8 {[%eval 17,0]} 63. Kf6 {[%eval
21,0]} Rf1 {[%eval 32,0]} 64. Re4 {[%eval 3,0]} Rh1 {[%eval 38,0]} 65. Ra4 {
[%eval 33,0]} Kg8 {[%eval 42,0]} 66. Ra8+ {[%eval 41,0]} Kh7 {[%eval 4,0]} 67.
Ra7+ {[%eval 43,0]} Kg8 {[%eval 48,0]} 68. Kg6 {[%eval 52,0]} Rg1+ {[%eval 3,0]
} 69. Kxh6 {[%eval 3,0]} Kf8 $4 {[%eval 383,0] Blunder. Rg4 was best.} (69...
Rg4) 70. f5 $4 {[%eval 6,0] Blunder. Kh7 was best.} (70. Kh7) 70... Rg2 $4 {
[%eval 436,0] Blunder. Kg8 was best.} (70... Kg8 71. Rc7 Rg2 72. Rd7 Rg1 73.
Ra7 Rg2 74. Ra6 Kf7 75. Rg6 Rh2 76. Kg5 Rg2+ 77. Kf4) 71. Ra6 $4 {[%eval 0,0]
Blunder. Kh7 was best.} (71. Kh7 Rc2 72. Kg6 Rg2+ 73. Kf6 Kg8 74. Ra8+ Kh7 75.
Kf7 Re2 76. f6 Rf2 77. Ke7 Rf1) 71... Kf7 {[%eval 0,0]} 72. Rg6 {[%eval 0,0]}
Rh2 {[%eval 0,0]} 73. Kg5 {[%eval 0,0]} Rg2+ {[%eval 0,0]} 74. Kf4 {[%eval 0,0]
} Rh2 {[%eval 0,0]} 75. h6 {[%eval 0,0]} Rh1 {[%eval 3,0]} 76. Rb6 {[%eval 0,0]
} Rf1+ {[%eval 0,0]} 77. Ke5 {[%eval 0,0]} Re1+ {[%eval 0,0]} 78. Kd4 {[%eval
0,0]} Rd1+ {[%eval 0,0]} 79. Ke3 {[%eval 0,0]} Re1+ {[%eval 0,0]} 80. Kd3 {
[%eval 0,0]} Rd1+ {[%eval 0,0]} 81. Ke3 {[%eval 0,0]} Re1+ {[%eval 0,0]} 82.
Kd2 {[%eval 0,0]} Rf1 {[%eval 0,0]} 83. h7 {[%eval 0,0]} Rh1 {[%eval 0,0]} 84.
Ke3 {[%eval 0,0]} Rxh7 {[%eval 0,0]} 85. Rb7+ {[%eval 0,0]} Kg8 {[%eval 0,0]}
86. Rb8+ {[%eval 0,0]} Kf7 {[%eval 0,0]} 87. Rb7+ {[%eval 0,0]} Kg8 {[%eval 0,
0]} 88. Rxh7 {[%eval 0,0]} Kxh7 {[%eval 0,0]} 89. Kf4 {[%eval 0,0]} Kg7 {
[%eval 0,0]} 90. Ke5 {[%eval 0,0]} Kf7 {[%eval 0,0]} 91. f6 {[%eval 0,0]} Kf8 {
[%eval 0,0]} 92. Ke6 {[%eval 0,0]} Ke8 {[%eval 0,0]} 93. f7+ {[%eval 0,0]} Kf8
94. Kf6 1/2-1/2